| 000 | 00532cam a2200205ua 4500 | ||
|---|---|---|---|
| 020 | _c24.00 | ||
| 041 |
_amal _h |
||
| 082 |
_a575.1 _bSIN/JA |
||
| 100 | _aSinnot, Edmund W . | ||
| 245 |
_aJanitaka Tatwangal / _cEdmund W Sinnot. _hTextual Documents |
||
| 260 |
_aThiruvananthapuram : _bState Instititute of Languages , _c1976. |
||
| 300 | _a521 ; . | ||
| 365 | _a24.00 | ||
| 504 | _a | ||
| 700 | 1 | _aDobzhansky, Theodosias . | |
| 700 | 1 | _aDunn, L C . | |
| 942 | _cBK | ||
| 999 |
_c6009 _d6009 |
||